| 000 | 01078nam a22002777a 4500 | ||
|---|---|---|---|
| 005 | 20250407163836.0 | ||
| 008 | 250407b |||||||| |||| 00| 0 eng d | ||
| 020 | _a978-1-79369-3078-0 (hbk) | ||
| 037 | _cTB | ||
| 040 |
_aCRL _cCRL |
||
| 041 |
_2eng _aeng |
||
| 084 |
_aR86 R4 _qCRL |
||
| 245 |
_aWell-being in African philosophy: _bInsights for a global ethics of development |
||
| 260 |
_aLanham, Maryland: _bLexington Books, _c2024 |
||
| 300 | _avii,280p. | ||
| 365 |
_b85.00 _cUKP |
||
| 490 | _aAfrican philosophy: Critical perspectives and global dialogue, (Editer) Uchenna B. Okeja | ||
| 650 |
_aAfrican Philosophy _933781 |
||
| 650 | _aPhilosophy | ||
| 700 |
_aBateye, Blaji (Editer) _9751892 |
||
| 700 |
_aMasaeli, Mahmoud (Editer) _9751893 |
||
| 700 |
_aMuller, Louise F. (Editer) _9751894 |
||
| 700 |
_aRoothaan, Angela (Editer) _9751895 |
||
| 942 |
_2CC _cTB _hR86 R4 _n0 |
||
| 999 |
_c1308502 _d1308502 |
||